| 000 | 01546nam a22002777a 4500 | ||
|---|---|---|---|
| 001 | 7357 | ||
| 003 | FISKH | ||
| 005 | 20250710143012.0 | ||
| 008 | 250710b cb ||||| |||| 00| 0 eng d | ||
| 020 | _a9780194646864 | ||
| 040 |
_aFISKH _beng _cFISKH _dFISKH |
||
| 050 | _aPZ7 | ||
| 082 | _a428.64 | ||
| 100 | _aKhanduri, Kamini | ||
| 245 |
_aJobs / _cKamini Khanduri |
||
| 260 |
_aUnited Kingdom : _bOxford University Press, _c2003. |
||
| 300 |
_a40 pages : _bcolor illustrations ; _c21 cm |
||
| 490 |
_aOxford read and discover : _vDiscover! 2 |
||
| 505 | _aH | ||
| 520 | _aThis exciting new series of non-fiction readers provides interesting and educational content, with activities and project work. The readers are graded at four levels, from 3 to 6, suitable for students from age 8 and older. They can support Content and Language Integrated Learning (CLIL), andcover a broad range of topics, within three curriculum areas:The World of Science and TechnologyThe Natural WorldThe World of Arts and Social StudiesAlso available for each reader:* Activity Book* Audio CD Pack (Reader and Audio CD)* Teacher's Notes and CLIL guidance at www.oup.com/elt/readanddiscoverThe Activity Book includes 16 pages of chapter-linked activities followed by after-reading whole book activities and a book review; focus on content, vocabulary, and grammar | ||
| 521 | 8 |
_a430
_bLexile estimate |
|
| 521 | 8 |
_aH
_bRaz-Plus |
|
| 650 |
_aJobs & Professions _vNonfiction _xVocabulary Development |
||
| 942 |
_2ddc _cBK _n0 |
||
| 999 |
_c7357 _d7357 |
||